000
00310nam a22001337a 4500
008
170831b xxu||||| |||| 00| 0 eng d
020
_a
0136869491
041
_a
eng
080
_a
070
100
_a
40
101
_a
MED
245
_a
POWER AND INFLUENCE THROUGH PUBLIC SPEAKING
_c
CAMPBELL,C
942
_2
udc
_c
BK
999
_c
25806
_d
25806